NBA Starting SFs of the Past 10 Years - Statistics

General Stats
  • This quiz has been taken 112 times
    24 since last reset
  • The average score is 51 of 137
Answer Stats
Answer % Correct
Kawhi Leonard
89%
Kevin Durant
89%
Jayson Tatum
84%
Jimmy Butler
84%
LeBron James
84%
Ausar Thompson
79%
Bruce Brown
79%
Jaylen Brown
79%
Klay Thompson
79%
Troy Brown Jr
79%
Zach LaVine
79%
Michael Porter Jr
74%
Otto Porter Jr
74%
Aaron Gordon
68%
Andrew Wiggins
68%
Brandon Ingram
68%
DeMar DeRozan
68%
Dorian Finney-Smith
68%
Eric Gordon
68%
Keldon Johnson
68%
Khris Middleton
68%
Mikal Bridges
68%
Miles Bridges
68%
Stanley Johnson
68%
Wesley Johnson
68%
Brandon Miller
63%
Danny Green
63%
Franz Wagner
63%
Javonte Green
63%
Jeff Green
63%
Josh Green
63%
Luguentz Dort
63%
Patrick Williams
63%
Paul George
63%
Vince Williams Jr
63%
Ziaire Williams
63%
Giannis Antetokounmpo
58%
Jaden McDaniels
58%
Joe Harris
58%
Tobias Harris
58%
Anthony Edwards
53%
Dean Wade
53%
Derrick Jones Jr
53%
Devin Vassell
53%
Dillon Brooks
53%
Harrison Barnes
53%
Herbert Jones
53%
Justin Jackson
53%
OG Anunoby
53%
Carmelo Anthony
47%
Deni Avdija
47%
Josh Hart
47%
Kentavious Caldwell-Pope
47%
Kyle Kuzma
47%
Lauri Markkanen
47%
RJ Barrett
47%
De'Andre Hunter
42%
Gordan Hayward
42%
Jerami Grant
42%
Kelly Oubre Jr
42%
Max Strus
42%
Norman Powell
42%
Bogdan Bogdanovic
37%
Bojan Bogdanovic
37%
Cooper Flagg
37%
Grayson Allen
37%
Keegan Murray
37%
Benedict Mathurin
32%
Bradley Beal
32%
Jaylen Wells
32%
Jonathon Simmons
32%
Nicolas Batum
32%
Trey Murphy III
32%
Zaccharie Risacher
32%
Buddy Hield
26%
Isaac Okoro
26%
Jarace Walker
26%
Joe Ingles
26%
Moses Moody
26%
Rudy Gay
26%
Ace Bailey
21%
Bilal Coulibaly
21%
Corey Kispert
21%
Duncan Robinson
21%
Glenn Robinson III
21%
Jonathan Isaac
21%
Josh Richardson
21%
KJ Martin
21%
Rondae Hollis-Jefferson
21%
Saddiq Bey
21%
Taurean Prince
21%
Trevor Ariza
21%
Wesley Matthews
21%
Jae Crowder
16%
Jaylon Tyson
16%
JJ Redick
16%
Justin Champagnie
16%
Justin Holiday
16%
Peyton Watson
16%
Shaedon Sharpe
16%
Tim Hardaway Jr
16%
Andre Roberson
11%
Cam Reddish
11%
Caris LeVert
11%
Cedi Osman
11%
Danilo Gallinari
11%
DeMarre Carroll
11%
Iman Shumpert
11%
Kyle Anderson
11%
Luol Deng
11%
Marcus Morris
11%
Michael Kidd-Gilchrist
11%
Pat Connaughton
11%
Robert Covington
11%
Royce O'Neale
11%
Thabo Sefolosha
11%
Will Barton
11%
Avery Bradley
5%
Chandler Parsons
5%
Danuel House Jr
5%
E'Twaun Moore
5%
Evan Turner
5%
Jarred Vanderbilt
5%
Luc Mbah a Moute
5%
Matisse Thybulle
5%
Maurice Harkless
5%
Reggie Bullock
5%
Simone Fontecchio
5%
TJ Warren
5%
Isaac Bonga
0%
Jae'Sean Tate
0%
James Ennis III
0%
Rodney McGruder
0%
Solomon Hill
0%
Svi Mykhailiuk
0%
Terrance Ferguson
0%
Tomas Satoransky
0%
No matching quizzes found
Score Distribution
Percent of People with Each Score
Percentile by Number Answered
Your Score History
You have not taken this quiz since the last reset